the UBS encylopaedia of careers / (Record no. 134463)

MARC details
000 -LEADER
fixed length control field 00647nam a22002177a 4500
005 - DATE AND TIME OF LATEST TRANSACTION
control field 20170124110226.0
010 ## - LIBRARY OF CONGRESS CONTROL NUMBER
LC control number B-023933
020 ## - INTERNATIONAL STANDARD BOOK NUMBER
Terms of availability 250.00
International Standard Book Number 8120314085
035 ## - SYSTEM CONTROL NUMBER
System control number B-023933
037 ## - SOURCE OF ACQUISITION
Source of stock number/acquisition Cen Lib/Ret
040 ## - CATALOGING SOURCE
Original cataloging agency DPL
Language of cataloging EN
082 ## - DEWEY DECIMAL CLASSIFICATION NUMBER
Classification number 371.42503
Item number GHO
100 ## - MAIN ENTRY--PERSONAL NAME
Personal name Ghose, Jayanti
9 (RLIN) 8545
245 ## - TITLE STATEMENT
Title the UBS encylopaedia of careers /
Statement of responsibility, etc by Jayanti Ghose
260 ## - PUBLICATION, DISTRIBUTION, ETC. (IMPRINT)
Place of publication, distribution, etc New Delhi
Name of publisher, distributor, etc UPS publishers
Date of publication, distribution, etc 2000
270 ## - ADDRESS
City New Delhi
Address 5, Ansari road
Postal code 110002
300 ## - PHYSICAL DESCRIPTION
Extent xxiv,486p.
Dimensions 23cm(pbk)
650 ## - SUBJECT ADDED ENTRY--TOPICAL TERM
Topical term or geographic name as entry element Career councling
Form subdivision Encyclopaedia
9 (RLIN) 40799
650 ## - SUBJECT ADDED ENTRY--TOPICAL TERM
Topical term or geographic name as entry element Education
9 (RLIN) 1169
942 ## - ADDED ENTRY ELEMENTS (KOHA)
Source of classification or shelving scheme Dewey Decimal Classification
Koha item type English Books
Classification part 371.42503
Call number suffix GHO
Holdings
Withdrawn status Lost status Damaged status Not for loan Collection code Home library Current library Date acquired Source of acquisition Cost, normal purchase price Total Checkouts Full call number Barcode Date last seen Copy number Cost, replacement price Price effective from Koha item type
      Not For Loan Reference Central Library Central Library 30/07/2015 Cen Lib/Ret 250.00   371.42503 GHO B-023933 30/07/2015 1 250.00 30/07/2015 English Books

© Delhi Public Library
Hit Counter
free hit counter